| 000 | 00686pam a2200241 a 4500 | ||
|---|---|---|---|
| 001 | 3434877 | ||
| 003 | OSt | ||
| 005 | 20160530125528.0 | ||
| 008 | 911212s1992 nju b 000 0 eng | ||
| 010 | _a 91046786 | ||
| 020 | _a1559721057 (cloth) | ||
| 040 | _aSEKU | ||
| 050 | 0 | 0 |
_aR 726 _b.H8 |
| 082 | 0 | 0 |
_a179/.7 _220 |
| 100 | 1 |
_aHumphry, Derek, _d1930- |
|
| 245 | 1 | 0 |
_aDying with dignity : _bunderstanding euthanasia / _cby Derek Humphry. |
| 260 |
_aSecaucus, N.J. : _bCarol Pub. Group, _c1992. |
||
| 300 |
_a215 p. ; _c22 cm. |
||
| 500 | _a"A Birch Lane Press book." | ||
| 504 | _aIncludes bibliographical references (p. 215). | ||
| 650 | 0 | _aEuthanasia. | |
| 942 |
_2lcc _cGEN |
||
| 999 |
_c14850 _d14850 |
||